| 000 | 01353nam a2200301 4500 | ||
|---|---|---|---|
| 001 | 179958 | ||
| 003 | ES-MaACL | ||
| 005 | 20250927155407.0 | ||
| 008 | 120307s2011 sp a |||| | spa d | ||
| 020 | _a978-84-615-2384-9 (Fundación Práxedes Mateo-Sagasta) | ||
| 020 | _a978-84-9960-017-8 (Instituto de Estudios Riojanos) | ||
| 080 | _a624.21.014(460.21 L.) | ||
| 245 | 0 | 3 |
_aEl puente de hierro de Logroño : _bSagasta y las obras públicas en el siglo XIX / _cMª Begoña Arrúe Ugarte, Leonardo Fernández Troyano, Mª Jesús Martínez Ocio ... [et al.]. |
| 246 | 3 | 5 |
_iTít. del CD-ROM _aApéndices |
| 250 | _a1ª ed. | ||
| 260 |
_aLogroño : _bFundación Práxedes Mateo-Sagasta : _bInstituto de Estudios Riojanos, _c2011. |
||
| 300 |
_a296 p. : _bil. col. y n., mapas, planos ; _c28 cm + _e1 CD-ROM. |
||
| 500 | _aEn port.: Consejería de Vivienda y Obras Públicas del Gobierno de la Rioja. | ||
| 600 | 1 | 4 |
_aMateo Sagasta, Práxedes, _d1825-1903 _9101421 |
| 650 | 4 |
_aPuentes metálicos- _zLogroño. _9149534 |
|
| 700 | 1 |
_aArrúe Ugarte, Begoña, _d1955- _9149535 |
|
| 710 | 2 |
_aFundacion Práxedes Mateo Sagasta. _94396 |
|
| 852 |
_aES-MaACL _9186864 _bR.148288 _jA-12041 _dOlim: N-5046 _cDEPO1 |
||
| 852 |
_aES-MaACL _jROT 6/2/4 |
||
| 942 |
_2udc _cMONOGRAFIA |
||
| 999 |
_c179958 _d179958 |
||